000 00561nam a2200193Ia 4500
999 _c14924
_d14924
003 OSt
005 20201020131642.0
008 190216s9999||||xx |||||||||||||| ||und||
020 _a9788132109082
040 _coclc
082 _a809.30082
_bSUB/W
100 _aSubramanian, Shreerekha
_95766
245 0 _aWomen Writing Violence /
_cShreerekha Subramanian
250 _a1st Ed.
260 _bSage Publications ,
_c2013.
_aNew Delhi:
300 _a269p
650 _aFeminism
942 _cBK
_2ddc
_h809.30082
_iSUB/W
_k809.30082
_mSUB/W